000 00685nam a22002297a 4500
003 OTs
005 20260601171021.0
008 260520b1989\\\\|||ao|||\||||\00|\0\spa\d
040 _aICI
_bspa
_cICI
_erda
050 _aPN4989
_bS46 1989
245 _aSemanal /
_bnueva época
264 _aMéxico
_bLa Jornada
_c1989
300 _a48 Páginas
336 _2rdacontent
_atexto
337 _2rdamedia
_asin medio
338 _2rdacarrier
_avolumen
650 _aPeriodismo
_vPublicaciones periódicas
_zMéxico
_934657
650 _aSuplementos culturales
_zMéxico
_934658
650 _aPrensa mexicana
_934659
650 _aCultura
_vPublicaciones periódicas
_934660
942 _2lcc
_n1
_cB
999 _c20887
_d20887